| 000 | 00957nam a2200217 a 4500 | ||
|---|---|---|---|
| 001 | 000711387 | ||
| 003 | AM-YeHGA | ||
| 005 | 20250617142735.0 | ||
| 008 | 100205s1895 ||| r 000 0 rus d | ||
| 040 | _aAM-YeHGA | ||
| 041 | 0 | _arus | |
| 245 | 0 | 0 |
_aАфганистан : _bМатериалы для военно-статистического описания / _cСост. Ген. штаба кап. В.А. Орановский, обер-офицер для поруч. при Штабе Закасп. обл. |
| 260 |
_aАсхабад : _bтип. Штаба Закаспийск. обл., _c1895. |
||
| 300 |
_a155 с. : _b[3] л. карт. |
||
| 440 | 0 | _aМатериалы Штаба Закаспийской области | |
| 500 | _aСекретно | ||
| 504 | _aБиблиогр.: 1-4 | ||
| 651 | 4 | _aАфганистан | |
| 700 | 1 |
_aОрановский, Владимир Алоизиевич _d1866- _eсост. _4com |
|
| 090 | _c264601 | ||
| 999 |
_c262975 _d262975 |
||